| 000 | 00488nam a2200181Ia 4500 | ||
|---|---|---|---|
| 005 | 20250508150802.0 | ||
| 008 | 008 250505s9999 xx 000 0 eng d | ||
| 037 | _aTextual | ||
| 040 |
_aFEDL _beng _cFEDL |
||
| 041 |
_aeng _2eng |
||
| 084 |
_a680.78, DES _qFEDL |
||
| 245 | 0 | _aBasic tools | |
| 260 |
_aBombay, India _bOrient Longman Pvt. Ltd. _c1957 |
||
| 300 | _a61p. | ||
| 490 | _aTechnical handicraft | ||
| 942 |
_cTEXL _h680.78, DES |
||
| 999 |
_c1325651 _d1325651 |
||